000 00489nam a2200193 a 4500
001 1767587676853
003 YourLibrary
005 20260105104546.0
008 260105s2009##################000#0#eng##
020 _a9788131101421
082 0 4 _a300.072
_bRAM
100 1 _aTiwari, Ramakanth,
_eauthor.
245 1 0 _aResearch In Social Sciences :
260 _c2009.
300 _a344 pages
650 0 _aSocial sciences.
942 _cENGLISH
040 _aYourLibrary
_beng
_cYourLibrary
999 _c607283
_d607283